Logo BPK

Bibliografia Prac Pracowników

Politechniki Koszalińskiej

Przestrzenne zróżnicowanie poziomu bezrobocia w Polsce (1999-2001) / (Rekord nr 4382)

Szczegóły MARC
000 -ETYKIETA REKORDU
podpole kontrolne o stałej długości 01087nab a2200205 i 4500
001 - NUMER KONTROLNY REKORDU
podpole kontrolne BPP
003 - IDENTYFIKATOR NUMERU KONTROLNEGO REKORDU
podpole kontrolne BPK
005 - DATA OSTATNIEJ MODYFIKACJI REKORDU
podpole kontrolne 20151006095742.0
008 - POLE O STAŁEJ DŁUGOŚCI - DANE KONTROLNE
podpole kontrolne o stałej długości 151006s2002 pl | | |000 ||pol
040 ## - ŹRÓDŁO KATALOGOWANIA
Instytucja, która utworzyła rekord BPK
080 ## - UNIWERSALNA KLASYFIKACJA DZIESIĘTNA - UKD
UKD 331.56/.57
100 ## - NAZWA OSOBOWA
Nazwa osobowa KOŁODZIEJCZAK-BARSZCZOWSKA, Joanna.
Lata pracy 1999 - 2006.
Instytucja Politechnika Koszalińska - Wydział Ekonomii i Zarządzania,
Wydział Katedra Metod Ilościowych - Zakład Ekonometrii
245 ## - TYTUŁ/ODPOWIEDZIALNOŚĆ
Tytuł Przestrzenne zróżnicowanie poziomu bezrobocia w Polsce (1999-2001) /
Pozostałe elementy strefy tytułu i oznaczenia odpowiedzialności Joanna Kołodziejczak-Barszczowska.
260 ## - STREFA ADRESU WYDAWNICZEGO
Data publikacji, dystrybucji/powstania dokumentu 2002.
500 ## - UWAGI OGÓLNE
Tekst uwagi Dane z autopsji.
520 ## - UWAGA DOTYCZĄCA TREŚCI DOKUMENTU
Analiza dokumentacyjna, adnotacja itp. Opracowanie ma na celu zbadanie przestrzennego zróżnicowania poziomu bezrobocia w Polsce 1990-2000 i w I kwartale 2001 roku w poszczególnych województwach. Wykonane zostało przede wszystkim na podstawie danych statystycznych dostępnych w różnych materiałach źródłowych.
650 #0 - HASŁO PRZEDMIOTOWE W FORMIE NAZWY OGÓLNEJ LUB JEDNOSTKOWEJ
Nazwa ogólna lub geograficzna Polska - bezrobocie.
773 ## - TYTUŁ DOKUMENTU MACIERZYSTEGO
Wyrażenie wprowadzające W :
Tytuł Koszalińskie Studia i Materiały. -
Adres wydawniczy Koszalin : Wydaw. Uczelniane Politechniki Koszalińskiej, 2002. -
Informacje dotyczące relacji nr 4, s. 181-189
942 ## - HASŁO DODATKOWE - ELEMENTY(KOHA)
Typ dokumentu Artykuł
Schemat klasyfikacji Uniwersalna klasyfikacja dziesiętna
Egzemplarze
Wycofany Zagubiony Uszkodzony Dostępność Lokalizacja stała Lokalizacja bieżąca Sygnatura Typ dokumentu
      Dostępny Bibliografia Prac Pracowników - BPK Bibliografia Prac Pracowników - BPK 0856 Artykuł
© 2014 Biblioteka Politechniki Koszalińskiej :: BIBLIOGRAFIA PRAC PRACOWNIKÓW